| 000 | 00916nam a2200217Ia 4500 | ||
|---|---|---|---|
| 003 | GCL | ||
| 008 | 140319s9999 xx 000 0 ara d | ||
| 040 |
_aGCL / _cGCL |
||
| 082 | 0 | 4 |
_a301.412 _bم م |
| 100 | 1 | _aمركز دراسات الوحدة العربية | |
| 245 | 1 | 0 |
_aالمرأة ودورها فى حركة الوحدة العربية : _bبحوث ومناقشات الندوة الفكرية التى نظمها مركز دراسات الوحدة العربية / _cمركز دراسات الوحدة العربية |
| 250 | _aالاولى | ||
| 260 |
_aبيروت : _bمركز دراسات الوحدة العربية ، _c1982 |
||
| 300 |
_a555 ص ؛ _c24 سم |
||
| 650 | 0 | 4 | _aالمرأة فى الحياة العامة |
| 650 | 0 | 4 | _aالنساء |
| 650 | 0 | 4 | _aالشخصية |
| 650 | 0 | 4 | _aالجمعيات الاسلامية |
| 650 | 0 | 4 | _aالمرأة فى السياسة |
| 942 |
_2ddc _cBK |
||
| 999 |
_c35183 _d35183 |
||